Smart Health Care Monitoring System based on IoT using Flutter App Development (Record no. 28975)
[ view plain ]
| 000 -LEADER | |
|---|---|
| fixed length control field | 00497nam a2200133Ia 4500 |
| 008 - FIXED-LENGTH DATA ELEMENTS--GENERAL INFORMATION | |
| fixed length control field | 250506s9999 xx 000 0 und d |
| 024 ## - OTHER STANDARD IDENTIFIER | |
| Standard number or code | 17B-003-CE,17B-014-CE,17B-015-CE&17B-028-CE |
| 082 ## - DEWEY DECIMAL CLASSIFICATION NUMBER | |
| Classification number | 004.909072 HAS |
| 100 ## - MAIN ENTRY--PERSONAL NAME | |
| Personal name | M. Hasnain Shah,Aqib Javed, Zaryab Ansari & Maham Fatima |
| 245 #0 - TITLE STATEMENT | |
| Title | Smart Health Care Monitoring System based on IoT using Flutter App Development |
| 260 ## - PUBLICATION, DISTRIBUTION, ETC. | |
| Place of publication, distribution, etc. | Karachi: |
| Name of publisher, distributor, etc. | UIT, |
| Date of publication, distribution, etc. | 2017 |
| 600 ## - SUBJECT ADDED ENTRY--PERSONAL NAME | |
| Personal name | Computer System Engineering |
| 650 ## - SUBJECT ADDED ENTRY--TOPICAL TERM | |
| Topical term or geographic name entry element | Bachelor of Engineering (BE) |
| Withdrawn status | Lost status | Damaged status | Not for loan | Collection | Home library | Current library | Date acquired | Total checkouts | Full call number | Barcode | Date last seen | Price effective from | Koha item type |
|---|---|---|---|---|---|---|---|---|---|---|---|---|---|
| PR-Computer Engineering | UITU Library | UITU Library | 07/26/2022 | 004.909072 HAS | CE-254 | 05/06/2025 | 05/06/2025 | Project Report |

